| 000 | 00426cam a2200169ua 4500 | ||
|---|---|---|---|
| 020 | _c10.00 | ||
| 041 |
_aeng _h |
||
| 082 |
_a612.65 _bDIN/CH |
||
| 100 | _aDinkmeyer, Don.C . | ||
| 245 |
_aChild Development / _cC.Don Dinkmeyer. _hTextual Documents |
||
| 260 |
_aNew Delhi : _bPrentice Hall of India Pvt Ltd. , _c1967. |
||
| 300 | _a434 ; . | ||
| 365 | _a10.00 | ||
| 504 | _a | ||
| 942 | _cBK | ||
| 999 |
_c1152 _d1152 |
||